[Event "Loire Cup"]
[Site "Loire"]
[Date "2015.05.10"]
[Round "3.3"]
[White "Avetikyan, Samuel"]
[Black "Boeuf, Jean Julien"]
[Result "0-1"]
[WhiteElo "1220"]
[BlackElo "1505"]
[PlyCount "90"]
[EventDate "2015.05.10"]
[EventType "team-swiss"]
[EventRounds "3"]
[EventCountry "FRA"]
[SourceTitle "EXT 2016"]
[Source "ChessBase"]
[SourceDate "2015.10.08"]
[SourceVersion "1"]
[SourceVersionDate "2015.10.08"]
[SourceQuality "1"]
[WhiteTeam "St Chamond II"]
[BlackTeam "ESSE"]
[WhiteTeamCountry "FRA"]
[BlackTeamCountry "FRA"]

1. e4 d5 2. exd5 Nf6 3. c4 e6 4. Nc3 Qe7 5. Qe2 exd5 6. Qxe7+ Bxe7 7. cxd5 0-0 8. Bc4 c6 9. dxc6 Nxc6 10. Nf3 Bg4 11. Ng5 Bh5 12. d3 Nb4 13. 0-0 Bg6 14. Rd1 Rfd8 15. d4 Nc2 16. Rb1 Nxd4 17. Bd3 Bxd3 18. Rxd3 Ne2+ 19. Nxe2 Rxd3 20. Bf4 Rad8 21. Ng3 Rd1+ 22. Rxd1 Rxd1+ 23. Nf1 Nd5 24. Nh3 Nxf4 25. Nxf4 Bd6 26. g3 Bxf4 27. gxf4 Rd4 28. Ne3 Rxf4 29. Nd5 Rd4 30. Ne7+ Kf8 31. Nf5 Rd2 32. b4 Rxa2 33. b5 g6 34. Nd6 b6 35. f4 Ke7 36. Nc4 Ra4 37. Ne3 Ke6 38. Ng2 Rb4 39. Ne3 Rxf4 40. Kg2 Rb4 41. Kg3 Rxb5 42. h4 Rb3 43. Kf4 Rxe3 44. Kxe3 f5 45. Kd3 Ke5 0-1